[Event "RUS-ch 56th"]
[Site "Krasnoyarsk"]
[Date "2003.09.09"]
[Round "6"]
[White "Yakovich, Yuri"]
[Black "Motylev, Alexander"]
[Result "1/2-1/2"]
[WhiteElo "2573"]
[BlackElo "2634"]
[Annotator "Yakovich,Y"]
[PlyCount "53"]
[EventDate "2003.09.03"]
[EventType "swiss"]
[EventRounds "9"]
[EventCountry "RUS"]
[SourceTitle "CBM 098"]
[Source "ChessBase"]
[SourceDate "2004.02.03"]
[SourceVersion "1"]
[SourceVersionDate "2004.02.03"]
[SourceQuality "1"]

1. d4 Nf6 2. c4 e6 3. Nc3 Bb4 4. e3 O-O 5. Bd3 d5 6. Nf3 c5 7. O-O cxd4 8. exd4
dxc4 9. Bxc4 a6 10. a4 Nc6 11. Bg5 h6 12. Be3 $5 (12. Bh4 {looks more
naturally but allows Black to exchange the white bishop after} Be7 13. Rc1 Nh5
$1 {The game Nisipeanu,L-Dautov,R/Elista 1998 continued} 14. Bxe7 Nxe7 15. Ne5
Nf6 16. Qd3 (16. Re1 Bd7 17. Qf3 Bc6 $11) 16... Bd7 17. Ba2 Rc8 18. Rfd1 (18.
Bb1 Bc6 19. Ng4 Ng6 $15) 18... Bc6 19. Bb1 Re8 $1 (19... Ned5 $2 20. Ng4 $36)
20. h3 Ned5 $2 (20... Kf8 $1 $15) 21. Ne4 $1 $11 Nxe4 (21... Bxa4 $2 22. Rxc8
Qxc8 23. Nd6 $16) 22. Nxc6 (22. Qxe4 $2 Nf6 23. Nxc6 Rxc6 $15) 22... Rxc6 (
22... bxc6 23. Qxe4 g6 24. Bd3 a5 25. b3 Qb6 26. Bc4 $11) 23. Rxc6 bxc6 24.
Qxe4 g6 25. Qc2 $1 Qb6 26. Qd2 Kg7 27. a5 $11 {1/2-1/2 Nisipeanu,L-Dautov,R/
Elista 1998/[Dautov,R] (34)}) 12... b6 $5 $146 (12... Qa5 {and}) (12... Bd7 {
deserve attention also.}) 13. Qe2 Be7 {Black liberate punkt b4 for his knight.}
({After} 13... Bb7 14. Rfd1 $5 {[%cal Rd4d5] black knight should go to e7 and
pawn a6 become weak.} Ne7 (14... Be7 $2 15. d5 $1 $16) (14... Na5 15. Bd3 $1
$14 {/\16.Ne5}) 15. Rac1 $14 {[%csl Ra6][%cal Rf3e5] ><a6}) 14. Rad1 $1 {
Now White will attack king side.} Nb4 (14... Bb7 $2 15. d5 $16) 15. Ne5 Bb7 16.
f4 $1 {[%cal Rf4f5]} Nfd5 $8 (16... Nbd5 17. f5 Nxe3 18. Qxe3 exf5 19. Rxf5 $40
{[%csl Rf7]}) 17. f5 {Attractive but not the best continuation} ({Simple} 17.
Bd2 $5 {promised White the strong initiative:} Nc6 (17... Rc8 18. f5 $36) (
17... Bf6 $6 18. Ne4 $16) 18. Nxc6 Bxc6 19. f5 $14) 17... Bg5 $1 {The only
move. By a series of precise moves Black will neutralize White's attack and
equalize the game.} 18. Bxg5 Qxg5 19. Bxd5 (19. fxe6 $6 fxe6 20. Ne4 (20. Nd3
$2 Nxd3 21. Qxe6+ Kh8 22. Bxd5 Nf4 23. Rxf4 Qxf4 $17) 20... Qe3+ 21. Qxe3 Nxe3
22. Bxe6+ Kh7 $15) 19... Nxd5 20. Nxd5 Bxd5 21. Nd7 (21. f6 $5 gxf6 22. Nd7 (
22. Rd3 $2 Bxg2 $1 (22... Qxg2+ $2 23. Qxg2+ Bxg2 24. Rg3+ $1 Kh7 25. Rxf6 $18)
23. Rg3 Bxf1 24. Rxg5+ hxg5 $15) 22... f5 $1 (22... Rfd8 $2 23. Nxf6+ Kg7 24.
Rf4 $1 $16) 23. Nxf8 Rxf8 24. Rf2 a5 $44 25. Qb5 Rc8 26. Qxb6 $2 Rc1 27. Rxc1
Qxc1+ 28. Rf1 Qd2) 21... Rfe8 $1 (21... exf5 $2 22. Nxf8 Rxf8 23. Rf2 $16) 22.
f6 $5 {Last attempt to win the game. After} (22. Nxb6 Rab8 $1 (22... exf5 $2
23. Qd2 $1 $16) 23. Nxd5 exd5 $44 {Black has enough compensation for pawn.})
22... Bb3 $1 {[]} (22... Rad8 $2 23. Nxb6 gxf6 24. Rd3 $16) (22... b5 23. h4 $5
(23. axb5 axb5 24. Rf2 (24. h4 Qxh4 25. fxg7 Red8) 24... Bb3 $1 (24... Rad8 25.
Qxb5 $16) 25. Re1 Rad8 26. Nc5 $14) (23. fxg7 Bc4 (23... Kxg7 $2 24. h4 $1 Qg3
(24... Qxh4 25. Qe5+ $18) 25. Nf6 $18) 24. Qf3 Bxf1 25. Nf6+ Kxg7) 23... Bc4 (
23... Qxh4 $2 24. fxg7 Red8 (24... Bc4 25. Qe5 Bxf1 26. Nf6+ Kxg7 27. Rxf1 Kf8
28. Rf4 Qg3 29. Nh7+ Kg8 30. Rg4+ Qxg4 31. Nf6+ $18) 25. Nf6+ Kxg7 26. Rf4 $1
$16) 24. Qf2 Qd5 (24... Qg6 25. Ne5 Qxf6 26. Qxf6 gxf6 27. Rxf6 $16) 25. Nb6
Qd6 26. Nxc4 bxc4 27. fxg7 f5 28. d5 $36) 23. Ra1 Rad8 (23... Rac8 $5 24. fxg7
Rc2 25. Qxc2 (25. Qf3 f5 26. Rf2 (26. Nxb6 Rb8 27. a5 Rxb6 28. axb6 Bd5 $19)
26... Rxf2 (26... Bd5 $2 27. Qa3 $1 Rc1+ 28. Rxc1 Qxc1+ 29. Rf1 $18) (26...
Qxg7 27. Rxc2 Bxc2 28. Ne5) 27. Qxf2 Rc8 $13) 25... Bxc2 26. Nf6+ Kxg7 27.
Nxe8+ Kf8 28. Nd6 $13 Qe3+ (28... f5 29. Rae1) 29. Kh1 Qxd4 30. Rxf7+ (30. Nxf7
Qxb2) 30... Kg8 31. Rc7 Qxb2 32. Rf1 $13) 24. Ra3 $1 Rxd7 25. Rxb3 g6 26. Qxa6
Rxd4 $138 27. Qxb6 $138 {27...Ra4 28.Rg3 Rg4 29.Rg4=} 1/2-1/2

[Event "SWE-ch"]
[Site "Linkoping"]
[Date "2001.07.06"]
[Round "6"]
[White "Wedberg, Tom Birger"]
[Black "Agrest, Evgenij"]
[Result "0-1"]
[WhiteElo "2504"]
[BlackElo "2531"]
[Annotator "Ziegler,A"]
[PlyCount "82"]
[EventDate "2001.06.30"]
[EventType "tourn"]
[EventRounds "13"]
[EventCountry "SWE"]
[EventCategory "8"]
[SourceTitle "CBM 085"]
[Source "ChessBase"]
[SourceDate "2001.11.13"]
[SourceVersion "1"]
[SourceVersionDate "2001.11.13"]
[SourceQuality "1"]

1. c4 c5 2. Nc3 e6 3. e3 Nf6 4. Nf3 a6 5. d4 d5 6. a3 dxc4 (6... Nc6 {Är
vanligare, men Agrests drag är något exaktare. Is more common, but the move
chosen by Agrest is somewhat preciser. Ist gewöhnlicher, aber die Zugfolge der
Agrests ist präziser. Es comun, pero el otro es on poco mas exactitud.}) 7.
Bxc4 b5 8. Ba2 ({Alternativet är att spela: The alternative is: Die
Alternatiwe ist:} 8. Bd3 {Båda löpardragen har sin plus och minus. Both
retreats of the bishop has it's plus and minuses. Die beide Läuferzügen haben
ihre Pluss und Minus. Los dos juegos del alfil tienen aspectos positivo y
negativo.}) 8... Bb7 9. O-O Nbd7 {Det här är poängen med svarts dragföljd.
Springaren står mer flexiblet på d7. This is the point of black's move order.
The knight is far more flexible on d7. Die Pointe mit die Zugfolge. Der
Springer steht viel mehr fläxibel an d7. El punto con del order des juegos. El
cavallo tienen mas flexibilidad aqui.} 10. Qe2 {[#]} Qb8 (10... Qc7 {Är lite
mer flexibelt, men även lite mer laddat. Is more flexible but also more loaded.
Ist mer Fläxibel, aber auch schwerer. Tienen mas possibilidades, pero es
tambien mas dificil.}) 11. Rd1 ({Ett alternativ för de mer hårdhudade är: An
alternative for people with hard skin is: Ein Alternatiw für harte leutr ist:
Un juego por los aggressivos es:} 11. e4 {Det är e4 man vill spela, för att få
igång spelet. It is of course e4 you want to play in such positions, in order
to get things going. In solche Stellungen vollt man e4 spielen mit
gefährlichen figurenspiel.} b4 12. axb4 cxb4 13. Nd5 {Svart måste ta. This
gift is impossible to reject. Schwarz muss nehmen. Negras tienen que tomar.} (
13. e5 bxc3 14. exf6 cxb2 {Har också sin charm. Is also quit appetising. Hast
auch Charm. Es tambien un juego divertido.}) 13... exd5 14. exd5+ Be7 15. Re1
Ng8 16. Ne5 Qd6 (16... Nxe5 $2 17. dxe5 Qc8 18. d6 Qc6 19. Qg4 Bf8 20. Bb3 {
Vinner. Wins. Gewinnt. Ganan.}) 17. Bf4 Nxe5 18. dxe5 Qg6 19. Bb1 f5 20. Ba2 {
Svart är helt paralyserad. Black is completely paralysed. Scwarz is völlig
paralysiert. Negras not tiene juegas.}) 11... Bd6 12. h3 {Det är ändå svårt
att klara sig helt utan detta drag. It's difficult to do without this move. Es
ist schwer diesen Zug zu vermeiden. Sin este juogo es dificil.} ({Om vit ville
minska svarts möjligheter skulle han tagit på c5 direkt: If white would like
to diminish black possibilities, he should immideately have taken on c5.} 12.
dxc5 Nxc5 (12... Bxf3 13. Qxf3 Bxh2+ 14. Kf1 Nxc5 15. g3 {Är farligt för svart,
(minst sagt). Ist gefährlich für schwarz, (am mindestens). Es peligroso para
negras.}) 13. h3) 12... O-O ({Nu hade svart även möjligheten att spela: Black
also could have played: Jetzt hätte schwarz auch die Möglichkeit: Ahora negras
podré jugar:} 12... b4 {zu spielen.}) 13. dxc5 Nxc5 14. b4 Ncd7 15. Bb2 Bxf3 ({
Det klassiska alternativet: The classical alternative: Die klassiche
Möglichkeit: El classico:} 15... Ne5 $1 {för tankarna tillbaka till seklets
ungdom, Marshall, Rubinstein, Chotimirsky... brings the thoughts back to the
youth of 20th century, Marshall, Rubinstein, Chotimirsky... führt die gedanken
zurück zu die früh 1900, Marshall, Rubinstein, Chotimirsky... como las dias de
Marshall, Rubinstein y Chotimirsky...,estuvo bueno tambien.}) 16. Qxf3 Bh2+ 17.
Kh1 Be5 {[#] Jag har inte sett Evgenij spela antagen damgambit tidigare, men
han spelar den med stor aktoritet. Om jag gissar rätt så är den här
öppningsbehandlingen ett bevis på att det lönar sig att skaffa sig en klassik
utbildning. I have not seen Agrest playing the QGA before, but indeed, he does
it with great authority. If my guesses is right, this opening treatement is a
proof that a classical chess education pays off.} 18. Rab1 {This looks little
bit to passive. The rook belongs to c1.} ({Maybe:} 18. Qe2 {Med idén f4 kostar
tid. With the time consuming idea f4 was better:} Rc8 19. Rac1 Nb6 {Det är
c4-fältet som gäller. Titta gärna på Capablanca-Aljechin 21:a matchpartiet
1927. It's all about the c4-square, like in the game Capablanca-Alekhine, 21st
game, 1927.} 20. f4 Bxc3 21. Rxc3 Rxc3 22. Bxc3 Ne4 {Här kan man se varför
schacken på h2 var så nyttig. In this line one can see why the check on h2 was
so beneficial.} 23. Qc2 Nxc3 (23... Qb7 {Svart klarar sig. Men man är hellre
vit.} 24. Ba1 Rc8 25. Kh2 h6 26. Qb2 Nf6 {And one can fear that we are going
into a classical situation when the pair of bishops begins to whisper...}) 24.
Qxc3 Nc4 $5 25. Bxc4 Qc7 26. Rd4 Rc8 27. e4 bxc4 {With a difficult ending
ahead.}) 18... Rc8 19. Ne4 Bxb2 20. Rxb2 Qe5 21. Nxf6+ Nxf6 22. Rbd2 {I guess
that this was what white was aiming for. It sure looks fine, but white relly
has no objects for attack.} g6 {Vits pjäser står behagligt, men hotar inte så
mycket just nu. Svart har bra skydd runt e6-f7-fälten. All blacks pawns are
now ideally placed.} 23. Rd4 {Tom går vidare med en aktiv plan som visar sig
vara mycket riskabel. White begins an active but at the same time risky plan.}
({I would prefer:} 23. Kg1 $1 {Minimal optimering. in order to improve the
worst piece.}) 23... Kg7 {Another profylachtic move. The black pieces get's
away from the white squares 10-15 moves before danger appears.} 24. e4 Ra7 25.
Qe3 Rac7 26. f4 {Vit tar för sig, vilket man skall göra i schack, men det blir
lite svagt bakåt. Whitout moving the pawns, you can't win as Bronstein said,
but in this case white is merely weakening himself.} Qh5 27. e5 Ng4 28. Qf3 Rc2
$1 29. Qxg4 Qxg4 30. hxg4 Rxa2 {[#] Vits lilla svaghet i bondestrukturen
består av dubbelbonden på g-linjen. Den gör honom extra sårbar för hotet g6-g5.
White's little weakness in the pawn structure makes him extra vulnerable to
the threat g6...g5.} 31. R1d3 Rcc2 32. Rg3 Ra1+ 33. Kh2 Rf1 34. g5 $2 {White
could not hold the pawn back. This mistake proves to be fatal in the hands of
Agrests technique.} (34. Rgd3 g5 {Är lite bättre för svart. And black is still
somewhat better.}) 34... Rc4 35. Rd6 (35. Rxc4 bxc4 36. Rc3 Rxf4 37. Kg3 Re4
38. Kf3 Rxe5 {Är tröstlöst. White's position is disconsolate.}) 35... Rcxf4 36.
Rxa6 Rf5 37. Ra5 (37. Re3 Rxg5 38. Rb6 Rf2 39. Rxb5 Rgxg2+ {Leder rimligtvis
till vinst för svart. Reasonably leads to a win for black.}) 37... Rxe5 38. a4
Rf4 39. Rb3 bxa4 40. Rxa4 Rxg5 41. Ra2 Rb5 {Ett fantastiskt parti av Agrest!
Han hade en obegripligt liten press som han förvaltade maximalt. Tänk om han
ändå spelade fler öppna ställningar. A very nice performance by Agrest. He was
playing without mistakes and made a lot of his opponent's. I wish he would
play more open positions.} 0-1

[Event "RUS-ch"]
[Site "Elista"]
[Date "1996.??.??"]
[Round "7"]
[White "Zvjaginsev, Vadim"]
[Black "Ibragimov, Ildar"]
[Result "1/2-1/2"]
[WhiteElo "2590"]
[BlackElo "2545"]
[Annotator "Zvjaginsev,V"]
[PlyCount "89"]
[EventDate "1996.10.15"]
[EventType "swiss"]
[EventRounds "11"]
[EventCountry "RUS"]
[SourceTitle "CBM 056"]
[Source "ChessBase"]
[SourceDate "1997.02.01"]
[SourceVersion "1"]
[SourceVersionDate "1997.02.01"]
[SourceQuality "1"]

1. d4 d5 2. Nf3 Nf6 3. c4 dxc4 4. e3 e6 5. Bxc4 c5 6. O-O a6 7. a4 Nc6 8. Nc3
Be7 9. Ne5 cxd4 (9... Bd7 $1 10. Nxd7 Qxd7 11. d5 (11. dxc5 $10) 11... exd5 12.
Nxd5 Nxd5 13. Qxd5 Qxd5 14. Bxd5 Rd8 $1 (14... O-O 15. Bd2 Rfd8 16. e4 $14) 15.
Bxc6+ (15. e4 Nb4 $1 16. Bxb7 Rb8 17. Bd5 Nxd5 18. exd5 Kd7 $44) 15... bxc6 16.
b3 Rb8 17. Ba3 Rxb3 18. Rfc1 Kd7 $10) 10. Nxc6 bxc6 11. exd4 a5 12. Qf3 Qb6 $1
(12... O-O 13. Rd1 Qc7 $6 14. Qe2 $14) 13. Rd1 O-O 14. b3 Rd8 (14... e5 $2 15.
dxe5 Bg4 16. exf6 Bxf3 17. fxe7 $16) (14... Nd5 15. Ne4 $14) 15. Bf4 Ba6 (15...
Bb7 16. Be5 Nd7 17. Bg3 c5 18. d5 Nf6 $13) 16. Be5 Nd7 17. Bg3 Bf6 (17... Nf6
$32 $10) 18. Bxa6 $1 Rxa6 19. Ne4 $2 (19. Ne2 $1) 19... Bxd4 20. Nd6 (20. Rxd4
$2 Qxd4 21. Rd1 Ne5 $19) (20. Rac1 c5 21. Rxd4 $2 cxd4 22. Bc7 Rc8 $19) 20...
Nf6 (20... Bxa1 $2 21. Qxf7+ Kh8 22. Qxe6 $16) (20... Rf8 $5) 21. Rac1 c5 22.
Nc4 $2 (22. Nc8 Bxf2+ $1 $17) (22. Nb5 e5 (22... Nd5 $2 23. Nxd4 cxd4 24. Be5
$10) 23. Nxd4 exd4 24. Bh4 $1 $15) 22... Qa7 23. h3 Nd5 24. Qe2 f6 25. Nd6 e5
$8 26. Nb5 Qb7 27. Kh1 Rb6 $2 (27... Raa8 $17) 28. f3 Kh8 29. Be1 Qa8 30. Bd2
Rd7 $6 31. Qe1 Ra6 32. Nxd4 cxd4 33. Rc5 Rc7 $2 (33... Nb4 34. Bxb4 axb4 35.
Qxb4 Rd8 $132) 34. Rdc1 Rac6 35. Rxa5 $16 Qxa5 (35... Qd8 $32 36. Rxc6 Rxc6 37.
Qe4 $16) 36. Rxc6 Qa7 37. Rd6 Rd7 38. Qc1 Qb7 39. Qc6 $4 (39. Rxd7 Qxd7 40. Qc5
$18 (40. Qc4 $18) (40. a5 Qc7 41. Qa1 Qa7 42. a6 Nc7 43. Qa5 h6 44. b4 $18))
39... Qxc6 40. Rxc6 Kg8 41. a5 $8 Kf7 42. a6 $18 (42. b4 f5 $17) 42... f5 43.
Rc5 Ke6 44. Rc6+ Kf7 (44... Ke7 $1 45. b4 e4 46. fxe4 fxe4 47. Bg5+ $8 Kf7 48.
b5 e3 49. b6 d3 50. Bxe3 $1 Nxe3 51. Rc1 d2 52. Rg1 d1=Q 53. Rxd1 Rxd1+ 54. Kh2
Nf1+ 55. Kg1 $10) 45. Rc5 1/2-1/2